000
00284 a2200121 4500
001
34163
022
_a
004 NOR
090
_c
22642
_d
22642
100
_a
Chawla K.K. ; Nortons's, Peter
245
_a
Computing Fundamentals
260
_a
Bostan
_b
Mc Graw Hill
_c
1998
300
_a
xv, 498
942
_a
NUST-CAE
_k
004 NOR
999
_c
269236
_d
269236